MLB Teams with more World Series wins than losses - Statistics

General Stats
  • This quiz has been taken 18 times
  • The average score is 9 of 11
Answer Stats
Series Record Team % Correct
5-4 Reds
100%
9-4 Red Sox
100%
27-14 Yankees
100%
2-1 Blue Jays
93%
11-8 Cardinals
93%
1-0 Angels
79%
9-5 Athletics
79%
5-2 Pirates
79%
3-2 White Sox
79%
2-0 Marlins
71%
1-0 Nationals
71%
No matching quizzes found
Score Distribution
Percent of People with Each Score
Percentile by Number Answered
Your Score History
You have not taken this quiz